000 00575nam a22001937a 4500
999 _c13668
_d13668
003 AR-CdUCM
008 190416b ||||| |||| 00| 0 spa d
040 _aMUNICIPALIDAD PROVINCIAL DEL CUSCO
_cBIBLIOTECA MUNICIPAL DEL CUSCO
082 _aC / 869.62 /
_bG.I.
110 _aGrupo Intelectual Primero de Mayo
_910266
245 _aLas montañas de marzo /
260 _aLima :
_bG.I.P.M.
_c1965.
300 _a24 páginas ;
_c25 cm.
440 _aCuaderno
_n6
_932166
505 _aPoesía.
650 _aPoesía.
_9139
942 _2ddc
_cFOLLETOS
945 _awfj
_d2019-04-16